| 000 | 01062nam a22002415i 4500 | ||
|---|---|---|---|
| 001 | 154535 | ||
| 003 | ES-MaACL | ||
| 005 | 20251009063056.0 | ||
| 008 | 951121s1844 sp |||| | spa d | ||
| 040 |
_aEUS _bspa _cEUS |
||
| 100 | 1 |
_aGonzález, Juan Gualberto, _d1777-1859 _9127464 |
|
| 245 | 1 | 0 | _aObras en verso y prosa de Juan Gualberto González. |
| 260 |
_aMadrid : _b[s.n.], _c1844 ( _fImprenta de Alegría y Charlain) |
||
| 300 |
_a3 v.(XI, 204 ; XXV, 218 ; IV, 227 p.) ; _c22 cm. |
||
| 505 | 8 | _aContiene: t. I. Traducción de la Epístola de Horacio a los Pisones y de las Eglogas de Virgilio -- t. II. Traducción de las Eglogas de Nemesiano y de Calpurnio y algunas traducciones y composiciones sueltas -- t. III. Varias materias sobre versificación latina y castellana y sobre sinónimos y gramática | |
| 510 | 4 |
_aPalau, _c104862 |
|
| 597 | _aAntep. | ||
| 650 | 4 |
_aPoesías latinas. _9154284 |
|
| 650 | 1 | 4 |
_aVersificación. _9136980 |
| 852 |
_aES-MaACL _jG-12785-87 _z-- Rúst. |
||
| 999 |
_c154535 _d154535 |
||